[Event "DVM U16w 2024"]
[Site "Neumünster GER"]
[Date "2024.12.28"]
[Round "4"]
[White "Averkova, Mariia"]
[Black "Reich, Elisabeth"]
[Result "0-1"]
[Termination "normal"]
[Board "3.1"]
[WhiteElo "1765"]
[BlackElo "1861"]
[WhiteClock "00:21:11"]
[BlackClock "00:46:33"]
[WhiteTeam "FC Bayern München"]
[BlackTeam "ATSV Oberkotzau"]
[PlyCount "92"]
[WhiteFideId "34651470"]
[BlackFideId "16239776"]
[EventCountry "GER"]
[EventRounds "7"]
[EventType "team-swiss"]
[EventDate "2024.12.26"]

1. c4 {[%clk 01:30:52]} {[%emt 00:00:07]} Nf6 {[%clk 01:30:56]} {[%emt
00:00:05]} 2. Nc3 {[%clk 01:31:17]} {[%emt 00:00:05]} d6 {[%clk 01:31:20]}
{[%emt 00:00:06]} 3. g3 {[%clk 01:31:34]} {[%emt 00:00:13]} g6 {[%clk
01:31:43]} {[%emt 00:00:07]} 4. Bg2 {[%clk 01:31:31]} {[%emt 00:00:33]} Bg7
{[%clk 01:32:00]} {[%emt 00:00:13]} 5. e3 {[%clk 01:30:29]} {[%emt 00:01:31]}
Nbd7 {[%clk 01:32:22]} {[%emt 00:00:08]} 6. Nge2 {[%clk 01:29:37]} {[%emt
00:01:22]} e5 {[%clk 01:32:28]} {[%emt 00:00:24]} 7. O-O {[%clk 01:28:51]}
{[%emt 00:01:17]} O-O {[%clk 01:32:51]} {[%emt 00:00:07]} 8. d3 {[%clk
01:23:52]} {[%emt 00:05:29]} a5 {[%clk 01:30:03]} {[%emt 00:03:18]} 9. Rb1
{[%clk 01:18:10]} {[%emt 00:06:11]} Re8 {[%clk 01:27:15]} {[%emt 00:03:18]} 10.
d4 {[%clk 01:11:24]} {[%emt 00:07:17]} Rb8 {[%clk 01:20:34]} {[%emt 00:07:11]}
11. Bd2 {[%clk 01:04:59]} {[%emt 00:06:55]} b6 {[%clk 01:19:34]} {[%emt
00:01:30]} 12. a3 {[%clk 01:04:08]} {[%emt 00:01:21]} Bb7 {[%clk 01:19:08]}
{[%emt 00:00:56]} 13. d5 {[%clk 01:02:50]} {[%emt 00:01:47]} Ba6 {[%clk
01:13:32]} {[%emt 00:06:06]} 14. b3 {[%clk 00:58:34]} {[%emt 00:04:47]} Ng4
{[%clk 01:07:13]} {[%emt 00:06:49]} 15. Qc2 {[%clk 00:44:34]} {[%emt 00:14:30]}
Qe7 {[%clk 00:52:42]} {[%emt 00:14:58]} 16. e4 {[%clk 00:35:06]} {[%emt
00:10:01]} Rf8 {[%clk 00:51:12]} {[%emt 00:01:58]} 17. h3 {[%clk 00:33:53]}
{[%emt 00:01:44]} Ngf6 {[%clk 00:48:47]} {[%emt 00:02:55]} 18. Na4 {[%clk
00:29:53]} {[%emt 00:04:30]} Ra8 {[%clk 00:43:17]} {[%emt 00:05:59]} 19. Rfe1
{[%clk 00:25:16]} {[%emt 00:05:08]} Rfc8 {[%clk 00:42:55]} {[%emt 00:00:52]}
20. Be3 {[%clk 00:22:08]} {[%emt 00:03:38]} h6 {[%clk 00:39:45]} {[%emt
00:03:40]} 21. Nac3 {[%clk 00:20:15]} {[%emt 00:02:23]} Kh7 {[%clk 00:33:25]}
{[%emt 00:06:50]} 22. a4 {[%clk 00:18:52]} {[%emt 00:01:54]} Rf8 {[%clk
00:30:23]} {[%emt 00:03:31]} 23. Nb5 {[%clk 00:18:11]} {[%emt 00:01:11]} Nc5
{[%clk 00:28:25]} {[%emt 00:02:28]} 24. Bxc5 {[%clk 00:17:18]} {[%emt
00:01:23]} bxc5 {[%clk 00:28:35]} {[%emt 00:00:21]} 25. h4 {[%clk 00:16:36]}
{[%emt 00:01:12]} Bc8 {[%clk 00:28:05]} {[%emt 00:00:58]} 26. Nec3 {[%clk
00:15:14]} {[%emt 00:01:53]} Ng4 {[%clk 00:27:13]} {[%emt 00:01:21]} 27. f3
{[%clk 00:12:41]} {[%emt 00:03:04]} Nf6 {[%clk 00:27:34]} {[%emt 00:00:09]} 28.
Kh2 {[%clk 00:11:46]} {[%emt 00:01:25]} Nh5 {[%clk 00:27:43]} {[%emt 00:00:20]}
29. Bh3 {[%clk 00:10:51]} {[%emt 00:01:25]} Bxh3 {[%clk 00:25:15]} {[%emt
00:02:59]} 30. Kxh3 {[%clk 00:11:03]} {[%emt 00:00:18]} f5 {[%clk 00:24:40]}
{[%emt 00:01:05]} 31. Rf1 {[%clk 00:10:32]} {[%emt 00:01:01]} Rf7 {[%clk
00:24:24]} {[%emt 00:00:46]} 32. Rf2 {[%clk 00:07:39]} {[%emt 00:03:23]} Raf8
{[%clk 00:23:40]} {[%emt 00:01:14]} 33. Rbf1 {[%clk 00:07:04]} {[%emt
00:01:04]} Kg8 {[%clk 00:22:07]} {[%emt 00:02:03]} 34. Qd2 {[%clk 00:06:05]}
{[%emt 00:01:31]} Qd7 {[%clk 00:21:09]} {[%emt 00:01:26]} 35. Kg2 {[%clk
00:05:20]} {[%emt 00:01:17]} Kh7 {[%clk 00:18:49]} {[%emt 00:02:49]} 36. Kh2
{[%clk 00:04:12]} {[%emt 00:01:38]} Bf6 {[%clk 00:17:25]} {[%emt 00:01:54]} 37.
Kg2 {[%clk 00:02:53]} {[%emt 00:01:49]} g5 {[%clk 00:16:37]} {[%emt 00:01:18]}
38. hxg5 {[%clk 00:02:48]} {[%emt 00:00:35]} Bxg5 {[%clk 00:16:59]} {[%emt
00:00:08]} 39. Qe1 {[%clk 00:02:22]} {[%emt 00:00:56]} Rg7 {[%clk 00:16:27]}
{[%emt 00:01:02]} 40. Kh2 {[%clk 00:01:38]} {[%emt 00:01:15]} Nxg3 {[%clk
00:16:27]} {[%emt 00:00:29]} 41. Ne2 {[%clk 00:27:45]} {[%emt 00:04:23]} Nxf1+
{[%clk 00:46:10]} {[%emt 00:00:47]} 42. Rxf1 {[%clk 00:26:08]} {[%emt
00:02:06]} Qf7 {[%clk 00:45:40]} {[%emt 00:01:00]} 43. Ng3 {[%clk 00:22:50]}
{[%emt 00:03:49]} Bf4 {[%clk 00:45:57]} {[%emt 00:00:12]} 44. Rg1 {[%clk
00:21:34]} {[%emt 00:01:46]} Qh5+ {[%clk 00:46:21]} {[%emt 00:00:07]} 45. Kg2
{[%clk 00:21:54]} {[%emt 00:00:09]} Bxg3 {[%clk 00:46:34]} {[%emt 00:00:18]}
46. Qe2 {[%clk 00:21:11]} {[%emt 00:01:12]} Bh2+ {[%clk 00:46:33]} {[%emt
00:00:31]} 0-1

[Event "DVM U16w 2024"]
[Site "Neumünster GER"]
[Date "2024.12.28"]
[Round "4"]
[White "Hergenröder, Cora"]
[Black "Prokscha, Charlotte"]
[Result "1/2-1/2"]
[Termination "normal"]
[Board "3.2"]
[WhiteElo "1681"]
[BlackElo "1627"]
[WhiteClock "00:01:38"]
[BlackClock "00:18:35"]
[WhiteTeam "ATSV Oberkotzau"]
[BlackTeam "FC Bayern München"]
[PlyCount "76"]
[WhiteFideId "34603700"]
[BlackFideId "34614699"]
[EventCountry "GER"]
[EventRounds "7"]
[EventType "team-swiss"]
[EventDate "2024.12.26"]

1. d4 {[%clk 01:30:58]} Nf6 {[%clk 01:30:51]} {[%emt 00:00:10]} 2. c4 {[%clk
01:31:23]} {[%emt 00:00:06]} e5 {[%clk 01:31:16]} {[%emt 00:00:04]} 3. dxe5
{[%clk 01:30:56]} {[%emt 00:00:57]} Ng4 {[%clk 01:31:39]} {[%emt 00:00:08]} 4.
Nf3 {[%clk 01:29:30]} {[%emt 00:01:55]} Nc6 {[%clk 01:32:00]} {[%emt 00:00:09]}
5. Bf4 {[%clk 01:25:12]} {[%emt 00:04:48]} Bb4+ {[%clk 01:32:20]} {[%emt
00:00:10]} 6. Nbd2 {[%clk 01:22:45]} {[%emt 00:02:57]} Qe7 {[%clk 01:31:08]}
{[%emt 00:01:41]} 7. a3 {[%clk 01:17:19]} {[%emt 00:05:58]} Ngxe5 {[%clk
01:26:39]} {[%emt 00:04:59]} 8. Nxe5 {[%clk 01:13:18]} {[%emt 00:04:31]} Nxe5
{[%clk 01:26:10]} {[%emt 00:00:59]} 9. Bxe5 {[%clk 01:10:48]} {[%emt 00:02:59]}
Bxd2+ {[%clk 01:26:33]} {[%emt 00:00:08]} 10. Qxd2 {[%clk 01:11:09]} {[%emt
00:00:09]} Qxe5 {[%clk 01:26:57]} {[%emt 00:00:06]} 11. Rd1 {[%clk 01:02:07]}
{[%emt 00:09:31]} d6 {[%clk 01:22:45]} {[%emt 00:04:42]} 12. e3 {[%clk
00:59:13]} {[%emt 00:03:25]} Be6 {[%clk 01:20:15]} {[%emt 00:02:59]} 13. Qd4
{[%clk 00:44:27]} {[%emt 00:15:16]} O-O {[%clk 01:11:25]} {[%emt 00:09:20]} 14.
Bd3 {[%clk 00:36:16]} {[%emt 00:08:41]} Rfe8 {[%clk 01:05:26]} {[%emt
00:06:27]} 15. Qxe5 {[%clk 00:35:56]} {[%emt 00:00:52]} dxe5 {[%clk 01:05:43]}
{[%emt 00:00:13]} 16. O-O {[%clk 00:33:49]} {[%emt 00:02:37]} Rad8 {[%clk
01:04:26]} {[%emt 00:01:45]} 17. b3 {[%clk 00:23:38]} {[%emt 00:10:43]} c6
{[%clk 00:55:25]} {[%emt 00:09:31]} 18. f3 {[%clk 00:18:31]} {[%emt 00:05:38]}
Rd7 {[%clk 00:49:22]} {[%emt 00:06:32]} 19. Kf2 {[%clk 00:18:10]} {[%emt
00:00:51]} Red8 {[%clk 00:49:20]} {[%emt 00:00:32]} 20. Bc2 {[%clk 00:18:05]}
{[%emt 00:00:36]} h5 {[%clk 00:39:56]} {[%emt 00:09:53]} 21. Rxd7 {[%clk
00:16:38]} {[%emt 00:01:58]} Rxd7 {[%clk 00:40:14]} {[%emt 00:00:11]} 22. Rd1
{[%clk 00:17:04]} {[%emt 00:00:04]} Rxd1 {[%clk 00:38:30]} {[%emt 00:02:14]}
23. Bxd1 {[%clk 00:17:26]} {[%emt 00:00:07]} c5 {[%clk 00:38:16]} {[%emt
00:00:44]} 24. f4 {[%clk 00:16:55]} {[%emt 00:01:02]} exf4 {[%clk 00:37:35]}
{[%emt 00:01:12]} 25. exf4 {[%clk 00:17:07]} {[%emt 00:00:17]} g6 {[%clk
00:37:05]} {[%emt 00:00:59]} 26. Ke3 {[%clk 00:13:55]} {[%emt 00:03:43]} Bf5
{[%clk 00:35:13]} {[%emt 00:02:22]} 27. b4 {[%clk 00:12:56]} {[%emt 00:01:30]}
b6 {[%clk 00:33:51]} {[%emt 00:01:52]} 28. Bf3 {[%clk 00:09:58]} {[%emt
00:03:27]} Kg7 {[%clk 00:32:34]} {[%emt 00:01:47]} 29. h3 {[%clk 00:09:08]}
{[%emt 00:01:20]} Kf6 {[%clk 00:27:51]} {[%emt 00:05:13]} 30. b5 {[%clk
00:06:06]} {[%emt 00:03:32]} h4 {[%clk 00:26:18]} {[%emt 00:02:03]} 31. Be4
{[%clk 00:05:05]} {[%emt 00:01:31]} Bc8 {[%clk 00:25:43]} {[%emt 00:01:04]} 32.
Bd5 {[%clk 00:04:14]} {[%emt 00:01:23]} Bf5 {[%clk 00:25:06]} {[%emt 00:01:06]}
33. Bf3 {[%clk 00:03:06]} {[%emt 00:01:38]} Bc8 {[%clk 00:20:41]} {[%emt
00:04:54]} 34. Bd5 {[%clk 00:02:08]} {[%emt 00:01:29]} Bf5 {[%clk 00:20:42]}
{[%emt 00:00:28]} 35. Kf3 {[%clk 00:01:47]} {[%emt 00:00:53]} Kg7 {[%clk
00:17:57]} {[%emt 00:03:10]} 36. Be4 {[%clk 00:01:32]} {[%emt 00:00:50]} Bc8
{[%clk 00:18:12]} {[%emt 00:00:14]} 37. Ke3 {[%clk 00:01:39]} {[%emt 00:00:23]}
Kf6 {[%clk 00:18:27]} {[%emt 00:00:15]} 38. Bd5 {[%clk 00:01:38]} {[%emt
00:00:32]} Bf5 {[%clk 00:18:35]} {[%emt 00:00:19]} 1/2-1/2

[Event "DVM U16w 2024"]
[Site "Neumünster GER"]
[Date "2024.12.28"]
[Round "4"]
[White "Paliwal, Kashika"]
[Black "Leuchsenring, Delia"]
[Result "1-0"]
[Termination "normal"]
[Board "3.3"]
[WhiteElo "1812"]
[BlackElo "1500"]
[WhiteClock "01:01:03"]
[BlackClock "00:33:04"]
[WhiteTeam "FC Bayern München"]
[BlackTeam "ATSV Oberkotzau"]
[PlyCount "155"]
[WhiteFideId "34688331"]
[BlackFideId "34605304"]
[EventCountry "GER"]
[EventRounds "7"]
[EventType "team-swiss"]
[EventDate "2024.12.26"]

1. e4 {[%clk 01:30:58]} {[%emt 00:00:02]} e5 {[%clk 01:30:56]} {[%emt
00:00:05]} 2. Nf3 {[%clk 01:31:25]} {[%emt 00:00:02]} Nf6 {[%clk 01:31:15]}
{[%emt 00:00:12]} 3. Nxe5 {[%clk 01:31:44]} {[%emt 00:00:10]} d6 {[%clk
01:31:36]} {[%emt 00:00:09]} 4. Nf3 {[%clk 01:32:07]} {[%emt 00:00:07]} Nxe4
{[%clk 01:32:01]} {[%emt 00:00:06]} 5. Nc3 {[%clk 01:31:34]} {[%emt 00:01:03]}
Nf6 {[%clk 01:30:57]} {[%emt 00:01:34]} 6. h3 {[%clk 01:31:36]} {[%emt
00:00:28]} Nc6 {[%clk 01:30:49]} {[%emt 00:00:39]} 7. d4 {[%clk 01:31:31]}
{[%emt 00:00:33]} Bf5 {[%clk 01:28:56]} {[%emt 00:02:23]} 8. Bb5 {[%clk
01:31:13]} {[%emt 00:00:48]} d5 {[%clk 01:27:54]} {[%emt 00:01:33]} 9. O-O
{[%clk 01:29:45]} {[%emt 00:01:57]} Bd6 {[%clk 01:23:10]} {[%emt 00:05:15]} 10.
Bg5 {[%clk 01:29:10]} {[%emt 00:01:04]} Be7 {[%clk 01:18:27]} {[%emt 00:05:13]}
11. Ne5 {[%clk 01:27:30]} {[%emt 00:02:10]} Bd7 {[%clk 01:09:35]} {[%emt
00:09:23]} 12. Re1 {[%clk 01:21:53]} {[%emt 00:06:06]} O-O {[%clk 01:08:15]}
{[%emt 00:01:51]} 13. Nxd7 {[%clk 01:20:24]} {[%emt 00:01:58]} Qxd7 {[%clk
01:00:36]} {[%emt 00:08:10]} 14. Rxe7 {[%clk 01:05:57]} {[%emt 00:14:57]} Qxe7
{[%clk 01:00:14]} {[%emt 00:00:52]} 15. Nxd5 {[%clk 01:06:19]} {[%emt
00:00:08]} Qd6 {[%clk 00:58:30]} {[%emt 00:02:14]} 16. Nxf6+ {[%clk 01:06:11]}
{[%emt 00:00:38]} gxf6 {[%clk 00:58:36]} {[%emt 00:00:24]} 17. Bh6 {[%clk
01:06:03]} {[%emt 00:00:38]} Qxd4 {[%clk 00:55:17]} {[%emt 00:03:49]} 18. Bxf8
{[%clk 01:05:38]} {[%emt 00:00:54]} Kxf8 {[%clk 00:52:26]} {[%emt 00:03:22]}
19. Bxc6 {[%clk 01:05:31]} {[%emt 00:00:37]} Qxd1+ {[%clk 00:52:48]} {[%emt
00:00:07]} 20. Rxd1 {[%clk 01:05:54]} {[%emt 00:00:07]} bxc6 {[%clk 00:53:03]}
{[%emt 00:00:17]} 21. Rd7 {[%clk 00:59:46]} {[%emt 00:06:37]} Rb8 {[%clk
00:50:36]} {[%emt 00:02:57]} 22. b3 {[%clk 00:59:41]} {[%emt 00:00:35]} Rb7
{[%clk 00:50:40]} {[%emt 00:00:27]} 23. Rd4 {[%clk 00:57:30]} {[%emt 00:02:40]}
Rb8 {[%clk 00:48:29]} {[%emt 00:02:41]} 24. Rc4 {[%clk 00:56:43]} {[%emt
00:01:16]} Rb6 {[%clk 00:48:34]} {[%emt 00:00:26]} 25. a4 {[%clk 00:54:37]}
{[%emt 00:02:35]} a5 {[%clk 00:48:36]} {[%emt 00:00:29]} 26. Rc5 {[%clk
00:54:44]} {[%emt 00:00:23]} Ra6 {[%clk 00:48:55]} {[%emt 00:00:11]} 27. Kf1
{[%clk 00:54:51]} {[%emt 00:00:22]} Kg7 {[%clk 00:48:45]} {[%emt 00:00:40]} 28.
Ke2 {[%clk 00:55:04]} {[%emt 00:00:16]} Kg6 {[%clk 00:48:49]} {[%emt 00:00:27]}
29. Kf3 {[%clk 00:55:00]} {[%emt 00:00:35]} h5 {[%clk 00:48:35]} {[%emt
00:00:44]} 30. Kf4 {[%clk 00:54:48]} {[%emt 00:00:41]} Kh6 {[%clk 00:48:34]}
{[%emt 00:00:32]} 31. Kg3 {[%clk 00:54:36]} {[%emt 00:00:41]} Kg6 {[%clk
00:48:51]} {[%emt 00:00:14]} 32. Kh4 {[%clk 00:54:49]} {[%emt 00:00:17]} f5
{[%clk 00:49:05]} {[%emt 00:00:16]} 33. Kg3 {[%clk 00:55:13]} {[%emt 00:00:05]}
Kg5 {[%clk 00:46:29]} {[%emt 00:03:06]} 34. h4+ {[%clk 00:55:29]} {[%emt
00:00:14]} Kf6 {[%clk 00:46:41]} {[%emt 00:00:19]} 35. Kf4 {[%clk 00:55:49]}
{[%emt 00:00:10]} Kg6 {[%clk 00:46:56]} {[%emt 00:00:15]} 36. Rxf5 {[%clk
00:55:51]} {[%emt 00:00:26]} f6 {[%clk 00:46:12]} {[%emt 00:01:16]} 37. Rc5
{[%clk 00:56:12]} {[%emt 00:00:08]} Ra8 {[%clk 00:45:49]} {[%emt 00:00:54]} 38.
Rxc6 {[%clk 00:55:59]} {[%emt 00:00:43]} Rd8 {[%clk 00:45:28]} {[%emt
00:00:50]} 39. Rxc7 {[%clk 00:55:10]} {[%emt 00:01:19]} Rd6 {[%clk 00:44:18]}
{[%emt 00:01:41]} 40. Rc5 {[%clk 00:53:38]} {[%emt 00:02:01]} Rd4+ {[%clk
00:44:25]} {[%emt 00:00:23]} 41. Kg3 {[%clk 00:53:31]} {[%emt 00:00:36]} Rg4+
{[%clk 00:44:10]} {[%emt 00:00:46]} 42. Kh3 {[%clk 00:53:52]} {[%emt 00:00:09]}
Rd4 {[%clk 00:43:11]} {[%emt 00:01:30]} 43. Rxa5 {[%clk 00:53:42]} {[%emt
00:00:40]} Rd2 {[%clk 00:43:31]} {[%emt 00:00:10]} 44. c4 {[%clk 00:53:51]}
{[%emt 00:00:20]} Rxf2 {[%clk 00:43:29]} {[%emt 00:00:33]} 45. c5 {[%clk
00:54:05]} {[%emt 00:00:16]} Rc2 {[%clk 00:43:52]} {[%emt 00:00:06]} 46. b4
{[%clk 00:54:30]} {[%emt 00:00:05]} Rc3+ {[%clk 00:43:36]} {[%emt 00:00:47]}
47. g3 {[%clk 00:54:27]} {[%emt 00:00:32]} f5 {[%clk 00:43:09]} {[%emt
00:00:57]} 48. Ra6+ {[%clk 00:54:09]} {[%emt 00:00:49]} Kg7 {[%clk 00:43:33]}
{[%emt 00:00:06]} 49. c6 {[%clk 00:52:36]} {[%emt 00:02:02]} Kf6 {[%clk
00:43:39]} {[%emt 00:00:23]} 50. c7+ {[%clk 00:52:44]} {[%emt 00:00:24]} Ke7
{[%clk 00:43:31]} {[%emt 00:00:38]} 51. b5 {[%clk 00:52:56]} {[%emt 00:00:17]}
Rxc7 {[%clk 00:43:12]} {[%emt 00:00:50]} 52. b6 {[%clk 00:52:49]} {[%emt
00:00:36]} Rc3 {[%clk 00:41:54]} {[%emt 00:01:48]} 53. b7 {[%clk 00:52:13]}
{[%emt 00:01:06]} Rb3 {[%clk 00:42:02]} {[%emt 00:00:23]} 54. Ra7 {[%clk
00:52:37]} {[%emt 00:00:05]} Kd6 {[%clk 00:41:47]} {[%emt 00:00:45]} 55. a5
{[%clk 00:52:46]} {[%emt 00:00:21]} f4 {[%clk 00:40:18]} {[%emt 00:01:59]} 56.
Ra6+ {[%clk 00:53:03]} {[%emt 00:00:14]} Kc7 {[%clk 00:38:14]} {[%emt
00:02:33]} 57. Rb6 {[%clk 00:53:21]} {[%emt 00:00:13]} Rxg3+ {[%clk 00:27:21]}
{[%emt 00:11:22]} 58. Kh2 {[%clk 00:53:32]} {[%emt 00:00:19]} Rg8 {[%clk
00:26:30]} {[%emt 00:01:21]} 59. b8=Q+ {[%clk 00:53:35]} {[%emt 00:00:27]} Rxb8
{[%clk 00:26:38]} {[%emt 00:00:22]} 60. Rxb8 {[%clk 00:53:50]} {[%emt
00:00:16]} Kxb8 {[%clk 00:26:46]} {[%emt 00:00:22]} 61. Kg2 {[%clk 00:54:16]}
{[%emt 00:00:04]} Kb7 {[%clk 00:26:49]} {[%emt 00:00:27]} 62. Kf3 {[%clk
00:54:42]} {[%emt 00:00:04]} Ka6 {[%clk 00:27:11]} {[%emt 00:00:08]} 63. Kxf4
{[%clk 00:55:09]} {[%emt 00:00:03]} Kxa5 {[%clk 00:27:35]} {[%emt 00:00:06]}
64. Kg5 {[%clk 00:55:34]} {[%emt 00:00:05]} Kb6 {[%clk 00:28:00]} {[%emt
00:00:05]} 65. Kxh5 {[%clk 00:56:01]} {[%emt 00:00:03]} Kc7 {[%clk 00:28:24]}
{[%emt 00:00:06]} 66. Kg6 {[%clk 00:56:25]} {[%emt 00:00:05]} Kd7 {[%clk
00:28:49]} {[%emt 00:00:05]} 67. h5 {[%clk 00:56:34]} {[%emt 00:00:21]} Ke7
{[%clk 00:29:14]} {[%emt 00:00:05]} 68. Kg7 {[%clk 00:57:02]} {[%emt 00:00:02]}
Ke6 {[%clk 00:29:35]} {[%emt 00:00:09]} 69. h6 {[%clk 00:57:29]} {[%emt
00:00:04]} Kf5 {[%clk 00:29:56]} {[%emt 00:00:08]} 70. h7 {[%clk 00:57:53]}
{[%emt 00:00:06]} Kg5 {[%clk 00:30:22]} {[%emt 00:00:05]} 71. h8=Q {[%clk
00:58:17]} {[%emt 00:00:06]} Kg4 {[%clk 00:30:45]} {[%emt 00:00:07]} 72. Qf8
{[%clk 00:58:43]} {[%emt 00:00:03]} Kh5 {[%clk 00:31:07]} {[%emt 00:00:08]} 73.
Kf6 {[%clk 00:59:08]} {[%emt 00:00:05]} Kh4 {[%clk 00:31:31]} {[%emt 00:00:06]}
74. Qg7 {[%clk 00:59:35]} {[%emt 00:00:03]} Kh3 {[%clk 00:31:52]} {[%emt
00:00:09]} 75. Kf5 {[%clk 00:59:45]} {[%emt 00:00:19]} Kh2 {[%clk 00:32:16]}
{[%emt 00:00:07]} 76. Kf4 {[%clk 01:00:12]} {[%emt 00:00:03]} Kh1 {[%clk
00:32:40]} {[%emt 00:00:06]} 77. Kf3 {[%clk 01:00:40]} {[%emt 00:00:02]} Kh2
{[%clk 00:33:04]} {[%emt 00:00:06]} 78. Qg2+ {[%clk 01:01:03]} {[%emt
00:00:06]} 1-0